[Event "14th Euro Indiv 2013"]
[Site "Legnica POL"]
[Date "2013.05.15"]
[Round "10.129"]
[White "Przezdziecka,M"]
[Black "Pappelis,D"]
[Result "1/2-1/2"]
[WhiteElo "2302"]
[BlackElo "2055"]

1.Nf3 d5 2.g3 Nf6 3.c4 e6 4.Bg2 c5 5.O-O Nc6 6.d4 Be7 7.cxd5 exd5 8.Nc3 O-O
9.Bg5 c4 10.b3 Qa5 11.Bd2 Bb4 12.Qc2 Qa6 13.e3 g6 14.a3 Bxc3 15.Bxc3 Bf5
16.Qb2 Ne4 17.bxc4 Nxc3 18.Qxc3 Qxc4 19.Qb2 Qa6 20.Nd2 Rfd8 21.Rfc1 Rac8
22.Nb3 b6 23.Rc3 Na5 24.Bf1 Nc4 25.Qc1 Qa4 26.f3 Nd6 27.g4 Rxc3 28.Qxc3 Rc8
29.Qb4 Qxb4 30.axb4 Bc2 31.Nd2 Nc4 32.Nxc4 dxc4 33.Rxa7 Bd1 34.Kf2 c3 35.Ra1 c2
36.Rc1 Ra8 37.Bd3 Ra2 38.g5 Rb2 39.b5 Kf8 40.f4 Ke7 41.Ke1 Kd6 42.Kd2 Rb3
43.Bxc2 Bxc2 44.Rxc2 Rxb5 45.Kd3 Rb3+ 46.Rc3 Rb2 47.h4 b5 48.Rc8 b4 49.Rd8+ Ke7
50.Rb8 Rb1 51.Kc4 Re1 52.Rxb4 Rxe3 53.Kd5 Rh3 54.Rb7+ Kf8 55.Ke5 Rxh4 56.d5 Ke8
57.Kd6 Kf8 58.Rb4 h6 59.gxh6 Rxh6 60.Kc7 Rh1 61.Rb6 Rc1+ 62.Kd6 Rc4 63.Ke5 Rc1
64.Kf6 Ke8 65.Rb7 Rf1 66.Re7+ Kd8 67.Re4 Kd7 68.Ke5 Rd1 69.Ra4 Rc1 70.Kf6 Rf1
71.Ke5 Re1+ 72.Kd4 Rd1+ 73.Ke5 Re1+ 74.Kf6 Rf1  1/2-1/2

[Event "14th Euro Indiv 2013"]
[Site "Legnica POL"]
[Date "2013.05.15"]
[Round "10.48"]
[White "Gajewski,G"]
[Black "Kraemer,Mart"]
[Result "1/2-1/2"]
[WhiteElo "2653"]
[BlackElo "2544"]

1.Nf3 d5 2.g3 c6 3.Bg2 Nf6 4.O-O Bg4 5.c4 e6 6.cxd5 Bxf3 7.Bxf3 cxd5 8.Nc3 Nc6
9.d4 Be7 10.e3 O-O 11.b3 Bb4 12.Bb2 Qa5 13.Na4 Ne4 14.a3 Bd6 15.b4 Qc7 16.Rc1 Qe7
17.Bxe4 dxe4 18.Nc5 Bxc5 19.Rxc5 a6 20.Qc2 f5 21.d5 exd5 22.Rxd5 Rac8 23.Qc3 Nb8
24.Qd2 Rfd8 25.Rd1 Rxd5 26.Qxd5+ Qf7 27.Qd6 Nc6 28.Qf4 h6 29.g4 Rf8 30.Rd2 Qg6
31.Rd6 Qxg4+ 32.Qxg4 fxg4 33.Rg6 Rf7 34.Rxg4 Re7 35.Kg2 Kh7 36.Kg3 g5 37.h4 Kg6
38.Bc3 Kf5 39.f4 exf3 40.hxg5 hxg5 41.Kxf3 Rxe3+ 42.Kxe3 Kxg4 43.Ke4 Kh3
44.Kd5 g4 45.Be1 Kg2 46.Bh4 Kf3 47.Kc5 Ne5 48.Kb6 Nc4+  1/2-1/2

[Event "14th Euro Indiv 2013"]
[Site "Legnica POL"]
[Date "2013.05.15"]
[Round "10.14"]
[White "Tkachiev,V"]
[Black "Grachev,B"]
[Result "1-0"]
[WhiteElo "2632"]
[BlackElo "2687"]

1.Nf3 d5 2.g3 c6 3.Bg2 Bg4 4.h3 Bxf3 5.Bxf3 Nd7 6.d3 e5 7.e4 dxe4 8.Bxe4 g6
9.Nd2 Ngf6 10.Bg2 Bg7 11.O-O O-O 12.a4 Re8 13.a5 a6 14.Nc4 Qc7 15.Re1 Nd5
16.Bd2 Re7 17.Qb1 Rae8 18.Qa2 N7f6 19.Qb3 h6 20.Re2 e4 21.Rae1 exd3 22.Qxd3 Rxe2
23.Rxe2 Rxe2 24.Qxe2 Qd7 25.Qf3 Qe7 26.Kf1 Kh7 27.Qe2 Qc5 28.b3 Qd4 29.Bf3 Nd7
30.h4 Ne5 31.Nxe5 Bxe5 32.h5 f5 33.hxg6+ Kxg6 34.Kg2 Nc3 35.Bh5+ Kg7 36.Bxc3 Qxc3
37.f4 Bd6 38.Qe6 Qf6 39.Qd7+ Qe7 40.Qxf5 Qf6 41.Qd7+ Qe7 42.Qg4+ Kh8 43.Qg6 Qf8
44.Bg4 Bb4 45.Bf5 Qg7 46.Qe8+ Qg8 47.Qxg8+ Kxg8 48.Bc8 Bxa5 49.Bxb7 c5 50.Bxa6 Kf7
51.g4 Ke6 52.Bc4+ Kf6 53.Kf3 Bd2 54.Ke4 Bc1 55.Bb5 Bd2 56.Be8 Ke7 57.Bh5 Kd6
58.Kf5 Be3 59.Bf7 Ke7 60.Bc4 Bc1 61.Ke5 Be3 62.Bb5 Bd2 63.f5 Bg5 64.Kd5 Be3
65.c3 Bf2 66.Bd3 Kf6 67.b4 cxb4 68.cxb4 Kg5 69.b5  1-0

[Event "14th Euro Indiv 2013"]
[Site "Legnica POL"]
[Date "2013.05.15"]
[Round "10.13"]
[White "Berkes,F"]
[Black "Dubov,Danii"]
[Result "1/2-1/2"]
[WhiteElo "2688"]
[BlackElo "2622"]

1.Nf3 d5 2.g3 c6 3.Bg2 Bg4 4.O-O Nd7 5.d3 Ngf6 6.Qe1 e5 7.e4 dxe4 8.dxe4 Bxf3
9.Bxf3 Bc5 10.Nd2 O-O 11.a4 Qc7 12.a5 Bb4 13.a6 b6 14.Qe2 Rfe8 15.Bg2 Bf8
16.Rd1 Rad8 17.Nc4 b5 18.Na5 Nc5 19.Rxd8 Rxd8 20.Be3 Nxa6 21.Nb3 Qb7 22.Na5 Qc7
23.Nb3 Qb7 24.Na5 Qc7  1/2-1/2

[Event "14th Euro Indiv 2013"]
[Site "Legnica POL"]
[Date "2013.05.15"]
[Round "10.46"]
[White "Gabuzyan,H"]
[Black "Nisipeanu,LD"]
[Result "1/2-1/2"]
[WhiteElo "2532"]
[BlackElo "2679"]

1.Nf3 d5 2.g3 Nc6 3.c4 dxc4 4.Bg2 e5 5.Qa4 Bd6 6.Qxc4 Nge7 7.d3 O-O 8.O-O Be6
9.Qa4 Qd7 10.Nc3 Bh3 11.Be3 Bxg2 12.Kxg2 f5 13.Rac1 Kh8 14.Qc4 a6 15.d4 b5
16.Qb3 exd4 17.Bxd4 Nxd4 18.Nxd4 Bxg3 19.hxg3 Qxd4 20.Rfd1 Qe5 21.Nd5 Nxd5
22.Rxd5 Qxe2 23.Rxc7 Rad8 24.Qc3 Qg4 25.Rxd8 Rxd8 26.Rc8 Qe4+ 27.Kh2 Qe8
28.Rxd8 Qxd8 29.Qc6 f4 30.Qxa6 fxg3+ 31.fxg3 Qd2+ 32.Kh3 Qd7+ 33.Kg2 Qd5+
34.Kh2 Qh5+ 35.Kg2 Qe2+ 36.Kh3 Qh5+ 37.Kg2 Qe2+ 38.Kh3 Qh5+ 39.Kg2 Qe2+ 40.Kh3 Qh5+
41.Kg2  1/2-1/2

[Event "Supreme Masters 2013"]
[Site "Sandnes NOR"]
[Date "2013.05.15"]
[Round "7.3"]
[White "Wang Hao"]
[Black "Aronian,L"]
[Result "1/2-1/2"]
[WhiteElo "2743"]
[BlackElo "2813"]

1.Nf3 d5 2.g3 Bg4 3.Bg2 Nd7 4.c4 e6 5.O-O Ngf6 6.d3 dxc4 7.dxc4 Be7 8.Nc3 O-O
9.Nh4 c6 10.h3 Bh5 11.g4 Ne8 12.Nf3 Bg6 13.Bf4 f6 14.Nd4 Nc5 15.Be3 a5 16.Nb3 Nd7
17.Na4 Qc7 18.Nbc5 Nxc5 19.Nxc5 Bf7 20.Qd7 Bxc5 21.Qxc7 Nxc7 22.Bxc5 Rfc8
23.f4 e5 24.fxe5 fxe5 25.b3 Ne6 26.Be3 Re8 27.Rad1 Re7 28.a3 h6 29.Rd6 Rae8
30.Be4 Nf4 31.Bxf4 exf4 32.Bd3 g5 33.Rxh6 Kg7 34.Rh7+ Kg8 35.Rh6 Kg7 36.Rh7+ Kg8
37.Rh6  1/2-1/2

[Event "Open Hradec Kralove 2013"]
[Site "Hradec Kralove CZE"]
[Date "2013.05.16"]
[Round "2"]
[White "Vorobyov,Y"]
[Black "Szucs,Matyas"]
[Result "1-0"]
[WhiteElo "2239"]
[BlackElo "1947"]

1.Nf3 d5 2.g3 Nf6 3.Bg2 c6 4.O-O Nbd7 5.d4 e6 6.Nbd2 Bd6 7.e4 Nxe4 8.Nxe4 dxe4
9.Ng5 Nf6 10.Nxe4 Nxe4 11.Bxe4 O-O 12.f4 Qb6 13.Kh1 c5 14.Be3 h6 15.b3 Rb8
16.Rf2 Bd7 17.Rd2 Bc6 18.Qf3 Bxe4 19.Qxe4 Rbd8 20.Rad1 cxd4 21.Rxd4 Qc7 22.Rc4 Qb8
23.a4 Bc7 24.Rf1 Rd5 25.f5 Re5 26.Qd3 b5 27.axb5 Qb7+ 28.Kg1 Rxe3 29.Qxe3 Bb6
30.Rc5 Rc8 31.b4 Bxc5 32.bxc5 exf5 33.c4 Qe4 34.Qxe4 fxe4 35.c6 Kf8 36.Ra1 Rc7
37.Rxa7 Rxa7 38.b6  1-0

[Event "14th Euro Indiv 2013"]
[Site "Legnica POL"]
[Date "2013.05.16"]
[Round "11.95"]
[White "Diermair,A"]
[Black "Minko,V"]
[Result "1-0"]
[WhiteElo "2431"]
[BlackElo "2268"]

1.Nf3 d5 2.g3 c5 3.Bg2 Nc6 4.d4 Nf6 5.O-O Bg4 6.Ne5 cxd4 7.Nxg4 Nxg4 8.e4 Nf6
9.exd5 Nxd5 10.c3 e6 11.cxd4 Be7 12.Nc3 Nxc3 13.bxc3 O-O 14.Rb1 Na5 15.Bxb7 Rb8
16.Be4 Rxb1 17.Bxb1 Qc7 18.Re1 g6 19.Bh6 Rd8 20.Qf3 Nc4 21.Bc2 Nb6 22.Bb3 Qd7
23.h4 a5 24.a4 Nxa4 25.Ra1 Nb6 26.Rxa5 Qc7 27.Re5 Nc4 28.Rc5 Bxc5 29.dxc5  1-0

[Event "10th Orlova Open"]
[Site "Orlova CZE"]
[Date "2013.05.16"]
[Round "4.9"]
[White "Bausano,Michael"]
[Black "Melzer,Patrik"]
[Result "0-1"]
[WhiteElo "1772"]
[BlackElo "2105"]

1.Nf3 d5 2.g3 Nf6 3.Bg2 c6 4.d3 Bf5 5.Nbd2 Qc7 6.Nh4 Bg4 7.h3 Bd7 8.e4 e5
9.Qe2 Be7 10.c4 d4 11.Nf5 Bf8 12.f4 g6 13.fxe5 gxf5 14.exf6 Qxg3+ 15.Kf1 f4
16.e5 Na6 17.Ne4 Qg6 18.Bxf4 O-O-O 19.Bf3 h5 20.a3 Qf5 21.Qd2 Nc5 22.Nxc5 Bxc5
23.b4 Bb6 24.Be4 Qe6 25.Re1 Bc7 26.Qf2 Kb8 27.Bg2 Bc8 28.h4 Rhg8 29.Re4 Qg4
30.Bf3 Qg6 31.Rg1 Qxg1+ 32.Qxg1 Rxg1+ 33.Kxg1 Bf5 34.Re1 Bxd3 35.Bxh5 Bxc4
36.Kf2 Rh8 37.Bxf7 Bxf7 38.e6 Bxf4 39.exf7 Be3+  0-1

[Event "Open Hradec Kralove 2013"]
[Site "Hradec Kralove CZE"]
[Date "2013.05.19"]
[Round "6"]
[White "Mohapl,P"]
[Black "Szucs,Matyas"]
[Result "1/2-1/2"]
[WhiteElo "2092"]
[BlackElo "1947"]

1.Nf3 d5 2.g3 Nf6 3.Bg2 c6 4.c4 e6 5.O-O Bd6 6.d3 Nbd7 7.Qc2 O-O 8.a3 Qe7
9.b3 e5 10.Nc3 a6 11.cxd5 cxd5 12.Nh4 Nb6 13.Bb2 Be6 14.e3 Rac8 15.Nf3 h6
16.Rfc1 Nfd7 17.d4 e4 18.Ne1 f5 19.f4 Rc7 20.Qd1 Rfc8 21.a4 Nf6 22.Na2 Bf7
23.Rxc7 Rxc7 24.Rc1 Bh5 25.Qd2 Rxc1 26.Bxc1 Qc7 27.Bb2 Be8 28.Bc3 Nc8 29.Bf1 Qb6
30.Qc2 Ne7 31.Be2  1/2-1/2

[Event "Open Hradec Kralove 2013"]
[Site "Hradec Kralove CZE"]
[Date "2013.05.19"]
[Round "6"]
[White "Vorobyov,Y"]
[Black "Navratil,Ji3"]
[Result "1-0"]
[WhiteElo "2239"]
[BlackElo "2025"]

1.Nf3 d5 2.g3 Nf6 3.Bg2 Bf5 4.O-O c6 5.d3 Nbd7 6.c4 dxc4 7.dxc4 e5 8.Nc3 Bc5
9.a3 a5 10.Na4 Ba7 11.Qb3 Qc7 12.Be3 Bxe3 13.Qxe3 O-O 14.Rac1 Rfe8 15.h3 h6
16.g4 Bh7 17.Rfd1 Rad8 18.Nc3 Nb6 19.Rxd8 Rxd8 20.Qxe5 Qxe5 21.Nxe5 Rd2 22.b4 axb4
23.axb4 Kf8 24.f4 Ke7 25.Kf2 Nfd7 26.Nxd7 Kxd7 27.c5 Nc8 28.Rd1 Rxd1 29.Nxd1 Ne7
30.e4 Ng6 31.Ke3 f6 32.Bf1 Bg8 33.Bd3 Nh4 34.Bf1 g5 35.f5 Bf7 36.Nc3 h5 37.Nb1 hxg4
38.hxg4 Bb3 39.Nc3 Ke7 40.b5 Kd7 41.b6 Bc2 42.Bc4 Ng2+ 43.Kd4 Ne1 44.Be2 Bb3
45.e5 Nc2+ 46.Ke4 fxe5 47.Kxe5 Ne3 48.Ne4 Bc4 49.Bxc4 Nxc4+ 50.Kf6 Ne3 51.Kxg5 Ke7
52.Kf4  1-0

[Event "Open Hradec Kralove 2013"]
[Site "Hradec Kralove CZE"]
[Date "2013.05.19"]
[Round "7"]
[White "Nemec,O"]
[Black "Kotva,M"]
[Result "0-1"]
[WhiteElo "1866"]
[BlackElo "1996"]

1.Nf3 d5 2.g3 Nf6 3.Bg2 Bf5 4.O-O Nbd7 5.d4 Ne4 6.Nbd2 Ndf6 7.Ne5 e6 8.c4 c6
9.f3 Nxd2 10.Bxd2 dxc4 11.Bc3 h6 12.e4 Bh7 13.Nxc4 Be7 14.a3 O-O 15.Qe2 Qc7
16.Rac1 Rfd8 17.Rfd1 Qd7 18.Ba5 Rdc8 19.Be1 Qe8 20.Bf2 Qf8 21.Rc2 Nd7 22.b4 b5
23.Na5 Nb8 24.Rdc1 Qe8 25.f4 Bd8 26.Nb3 a5 27.Be1 axb4 28.axb4 Be7 29.Nc5 Nd7
30.Nb3 Ra6 31.Ra2 Rxa2 32.Qxa2 Nb6 33.Na5 Qd7 34.Qb2 Bg6 35.Bf2 f6 36.Qc3 Be8
37.Qb3 Bf7 38.Qc3 Na4 39.Qd2 e5 40.d5 cxd5 41.Rxc8+ Qxc8 42.exd5 Bd6 43.fxe5 fxe5
44.Nc6 Qf5 45.h3 e4 46.Qd4 Bxd5  0-1

[Event "Asian Continental w 2013"]
[Site "Manila PHI"]
[Date "2013.05.19"]
[Round "2.5"]
[White "Gomes,Mary"]
[Black "Sihite,Chelsie Monica"]
[Result "1-0"]
[WhiteElo "2387"]
[BlackElo "2290"]

1.Nf3 d5 2.g3 c6 3.Bg2 Bg4 4.d3 Nd7 5.Nbd2 e6 6.O-O Ngf6 7.e4 Ne5 8.Qe1 Nxf3+
9.Nxf3 Bxf3 10.Bxf3 h5 11.h4 Be7 12.Qe2 dxe4 13.dxe4 e5 14.Bg5 g6 15.Bg2 Nd7
16.Rad1 Qc7 17.Bxe7 Kxe7 18.Bh3 Nf6 19.Qe3 Kf8 20.f4 Kg7 21.Rd2 Rhf8 22.Rdf2 Qb6
23.Qf3 exf4 24.Qxf4 Nh7 25.e5 Rad8 26.c3 a5 27.Kh2 Qc5 28.e6 fxe6 29.Qc7+ Kh8
30.Rf7 Rd2+ 31.Bg2 Rxf7 32.Rxf7 Nf8 33.Qf4 Kg8 34.Qf6 Rxg2+ 35.Kxg2 Qd5+
36.Kh2 Qd2+ 37.Kh3 Qh6 38.Rxb7 c5 39.Qf7+ Kh8 40.Rb8  1-0

[Event "Open Hradec Kralove 2013"]
[Site "Hradec Kralove CZE"]
[Date "2013.05.20"]
[Round "8"]
[White "Mohapl,P"]
[Black "Bartos,J"]
[Result "0-1"]
[WhiteElo "2092"]
[BlackElo "2162"]

1.Nf3 d5 2.g3 Nf6 3.Bg2 g6 4.d4 Bg7 5.O-O O-O 6.c3 Na6 7.Be3 c5 8.dxc5 Ng4
9.Bf4 e5 10.Bg5 f6 11.Bc1 Nxc5 12.Nh4 Be6 13.Nd2 e4 14.e3 Qd7 15.Bh3 Ne5
16.Bxe6+ Qxe6 17.f4 exf3 18.Ndxf3 Rad8 19.b3 Rfe8 20.Ba3 b6 21.Nd4 Qh3 22.Qe2 Ng4
23.Rf3 Bh6 24.Nc2 Ne4 25.Bb2 Ne5 26.Rff1 Nxg3 27.hxg3 Qxg3+ 28.Qg2 Qxh4 29.Rae1 Ng4  0-1

[Event "7th IBC Limburg Open"]
[Site "Limburg NED"]
[Date "2013.05.20"]
[Round "6.2"]
[White "Hausrath,D"]
[Black "Sokolov,Ivan"]
[Result "1/2-1/2"]
[WhiteElo "2496"]
[BlackElo "2642"]

1.Nf3 d5 2.g3 Bg4 3.Bg2 e6 4.O-O Nf6 5.d4 Be7 6.Nbd2 O-O 7.Re1 c5 8.c4 Nc6
9.cxd5 exd5 10.Ne5 Bh5 11.Ndf3 Ne4 12.Be3 cxd4 13.Nxc6 dxe3 14.Nxd8 exf2+
15.Kh1 fxe1=Q+ 16.Qxe1 Raxd8 17.Nd4 Bg6 18.Bf3 Bg5 19.Kg2 Be3 20.Nc2 Bb6
21.Nb4 Rfe8 22.Rd1 Ng5 23.Qf1 Nxf3 24.exf3 d4 25.Qb5 f6 26.Nd3 Re2+ 27.Kg1 Bf7
28.a4 Rd5 29.Qb4 Re3 30.Nf4 Rc5 31.Nd3 Rf5 32.Rc1 Re8 33.Kg2 h5 34.Re1 Rc8
35.Re2 g5 36.a5 Rxa5 37.Qd6 Rc6 38.Qb8+ Kg7 39.Re7 Re6 40.Rxe6 Bxe6 41.Qxb7+ Bf7
42.h4 Kf8 43.Qc8+ Kg7 44.Qb7 Kf8 45.Qc8+ Kg7  1/2-1/2

[Event "ch-Africa Open 2013"]
[Site "Tunis TUN"]
[Date "2013.05.20"]
[Round "3.14"]
[White "Solomons,D"]
[Black "Miguel,Sergio"]
[Result "1-0"]
[WhiteElo "2169"]
[BlackElo "2218"]

1.Nf3 d5 2.g3 Nf6 3.Bg2 g6 4.O-O Bg7 5.d3 O-O 6.Nbd2 Nc6 7.c3 e5 8.Qc2 h6
9.e4 dxe4 10.Nxe4 Nd5 11.a3 a5 12.c4 Nde7 13.Bd2 f5 14.Nc3 Be6 15.Rfe1 g5
16.Nb5 Ng6 17.Bc3 Qd7 18.b3 Rad8 19.Rad1 Rfe8 20.d4 e4 21.d5 Bxc3 22.dxc6 Qg7
23.Rxd8 Rxd8 24.Nxc3 exf3 25.Bxf3 Ne5 26.Bg2 bxc6 27.Qe2 Nf7 28.Qxe6 Qxc3
29.Bxc6 Kg7 30.Bd5 Rf8 31.Re3 Qf6 32.Qxf6+ Kxf6 33.Re6+ Kg7 34.Re7 c5 35.Rc7 Kf6
36.Rxc5 Ne5 37.Rxa5 f4 38.Kg2 fxg3 39.hxg3 Rb8 40.b4 g4 41.Ra6+ Kg5 42.Re6 Nd3
43.Re3  1-0

[Event "Asian Continental w 2013"]
[Site "Manila PHI"]
[Date "2013.05.21"]
[Round "4.3"]
[White "Pham Le Thao Nguyen"]
[Black "Guo Qi"]
[Result "1/2-1/2"]
[WhiteElo "2399"]
[BlackElo "2439"]

1.Nf3 d5 2.g3 Bg4 3.Bg2 Nd7 4.d4 e6 5.O-O Ngf6 6.b3 Be7 7.Bb2 O-O 8.c4 c6
9.Nbd2 h6 10.Re1 a5 11.a3 Re8 12.h3 Bf5 13.e3 Ne4 14.Qe2 Bf6 15.Red1 Qb8
16.Nxe4 Bxe4 17.a4 c5 18.dxc5 Bxb2 19.Qxb2 Nxc5 20.cxd5 Bxd5 21.b4 axb4 22.Qxb4 Qa7
23.Nd4 Bxg2 24.Kxg2 Qa5 25.Rdb1 Qxb4 26.Rxb4 Ra5 27.Nb3 Nxb3 28.Rxb3 Rea8
29.Rxb7 Rxa4 30.Rxa4 Rxa4 31.h4  1/2-1/2

[Event "ch-Africa Open 2013"]
[Site "Tunis TUN"]
[Date "2013.05.22"]
[Round "5.12"]
[White "Solomons,D"]
[Black "Elarbi,A"]
[Result "1-0"]
[WhiteElo "2169"]
[BlackElo "2272"]

1.Nf3 d5 2.g3 g6 3.Bg2 Bg7 4.O-O e5 5.d3 Ne7 6.e4 O-O 7.Nc3 d4 8.Ne2 c5 9.Nd2 Nbc6
10.f4 f6 11.a4 Be6 12.b3 Qd7 13.Rf2 b6 14.Nc4 Rab8 15.Bd2 a6 16.a5 b5 17.Nb6 Qd6
18.h3 b4 19.Nc4 Qc7 20.g4 Bf7 21.Ng3 Bxc4 22.bxc4 Ra8 23.h4 Nxa5 24.f5 Nac6
25.g5 a5 26.Qg4 Qd7 27.h5 Ra6 28.Bh3 Nd8 29.Qh4 Qe8 30.fxg6 fxg5 31.Rxf8+ Bxf8
32.gxh7+ Kxh7 33.Bxg5 Nf7 34.Bf6  1-0

[Event "22nd TCh-CRO Cup 2013"]
[Site "Bol na Bracu CRO"]
[Date "2013.05.23"]
[Round "2.102"]
[White "Miletic,Jos"]
[Black "Bulic,D"]
[Result "1-0"]
[WhiteElo "2227"]
[BlackElo "2166"]

1.Nf3 d5 2.g3 Bf5 3.Bg2 Nf6 4.O-O e6 5.d3 Be7 6.Nbd2 O-O 7.c3 Nbd7 8.Re1 c6
9.e4 Bg4 10.Qc2 dxe4 11.dxe4 Nc5 12.Nf1 Qd3 13.Qxd3 Nxd3 14.Re3 Nxc1 15.Rxc1 Rad8
16.Ree1 Bxf3 17.Bxf3 Nd7 18.e5 Nc5 19.Be4 Nd3 20.Bxd3 Rxd3 21.Rcd1 Rfd8 22.Rxd3 Rxd3
23.Re2 Kf8 24.Rd2 Rd5 25.f4 f6 26.exf6 Bxf6 27.Re2 e5 28.Ne3 Rd3 29.f5 h5
30.Kf2 e4 31.Kg2 b5 32.h3 Bg5 33.Nf1 Rf3 34.g4 hxg4 35.hxg4 Rf4 36.Nh2 Kf7
37.Kg3 Kf6 38.Rd2 Rxf5 39.Rd6+ Ke5 40.Rxc6  1-0

[Event "Hungarian National Open 2013"]
[Site "Zalakaros HUN"]
[Date "2013.05.23"]
[Round "2"]
[White "Medvegy,Z"]
[Black "Csonka,B"]
[Result "1-0"]
[WhiteElo "2552"]
[BlackElo "2354"]

1.g3 d5 2.Nf3 c6 3.Bg2 Nf6 4.c4 dxc4 5.O-O Nbd7 6.Na3 Nb6 7.Qc2 Be6 8.Ne5 Qd4
9.Nxc6 bxc6 10.Bxc6+ Kd8 11.Nb5 Qc5 12.Bxa8 Qxb5 13.Bg2 h5 14.a4 Qb3 15.Qxb3 cxb3
16.e4 Bd7 17.a5 Nc4 18.d3 Ne5 19.d4 Nd3 20.Ra3 Bb5 21.Rxb3 Bc4 22.Rc3 Ba6
23.e5 Nd7 24.Rd1 Nb4 25.d5 Nxe5 26.Bf1 Bxf1 27.Kxf1 g6 28.Be3 Bg7 29.Bxa7 Kd7
30.Rb3 Ned3 31.Rdxd3 Nxd3 32.Rxd3 Ra8 33.Bb6 Bxb2 34.f4 f5 35.Ke2 Bf6 36.h4 Rc8
37.a6 Ra8 38.a7 Kc8 39.Rb3 Kb7 40.Bc5+ Kc7 41.Kd3  1-0

[Event "Gligoric Cup 2013"]
[Site "Banja Koviljaca SRB"]
[Date "2013.05.24"]
[Round "5.4"]
[White "Chelushkina,I"]
[Black "Martinovic,Sl"]
[Result "1/2-1/2"]
[WhiteElo "2260"]
[BlackElo "2425"]

1.g3 d5 2.Nf3 c6 3.Bg2 Nf6 4.O-O Bg4 5.d4 Nbd7 6.Ne5 Bf5 7.c4 e6 8.Nc3 Be7
9.Qb3 Qb6 10.Nxd7 Nxd7 11.e4 dxe4 12.Nxe4 O-O 13.Be3 Qxb3 14.axb3 a6 15.h3 Rad8
16.Rfd1 Bxe4 17.Bxe4 Nf6 18.Bc2 Rd7 19.g4 Rfd8 20.Kg2 Ne8 21.g5 g6 22.Rd2 e5
23.d5 cxd5 24.Bb6 Bxg5 25.Re2 Rc8 26.Rxe5 Bf6 27.Re2 dxc4 28.bxc4 Ng7 29.Ba4 Rd6
30.c5 Rd5 31.Kf1 Nf5 32.Rd1 Rxd1+ 33.Bxd1 Nd4 34.Rd2 Kf8 35.Bg4 Ra8 36.b4 h5
37.Bd1 Rc8 38.Ba4 Ke7 39.Rd3 Nc6 40.Kg2 Be5 41.Re3 Kf6 42.Rf3+ Kg7 43.Bb3 Bf6
44.Rd3 Re8 45.Rd7 Re7 46.Rd6 Be5 47.b5 axb5 48.Rd2 Bc7 49.Bd1 Bxb6 50.cxb6 Re6
51.Rd5 Re5 52.Rd7 Re7 53.Rd5 b4 54.Kg3 Kf8 55.Ba4 Re6 56.Rc5 Ne7 57.Rb5 Nc8
58.Rxb4 Rxb6 59.Rc4 Nd6 60.Rc7 Rb4 61.Bd7 Rc4 62.Rxc4 Nxc4 63.f4 Nd6 64.Ba4 b5
65.Bc2 Nf5+ 66.Kf2 Ke7 67.Ke2 Nd4+  1/2-1/2

[Event "Hungarian National Open 2013"]
[Site "Zalakaros HUN"]
[Date "2013.05.24"]
[Round "3"]
[White "Radnai,A"]
[Black "Hrbolka,L sr"]
[Result "1-0"]
[WhiteElo "2263"]
[BlackElo "2133"]

1.Nf3 d5 2.g3 c6 3.Bg2 Nf6 4.b3 g6 5.Bb2 Bg7 6.d3 O-O 7.Nbd2 Bf5 8.Nh4 Bg4
9.h3 Bc8 10.e4 dxe4 11.dxe4 Na6 12.Qe2 Be6 13.Nhf3 Qc8 14.a3 Nc5 15.Nd4 Bd7
16.e5 Nd5 17.O-O-O a5 18.h4 b5 19.Nxb5 Qa6 20.Nd4 Qb7 21.h5 Rfb8 22.Qc4 Ne6
23.hxg6 hxg6 24.Ne2 Ra6 25.Qh4 a4 26.b4 Rb6 27.Bxd5 cxd5 28.Qxe7 Rc6 29.Ne4 dxe4
30.Rxd7 Rc7 31.Qxf7+  1-0

[Event "Gligoric Cup 2013"]
[Site "Banja Koviljaca SRB"]
[Date "2013.05.25"]
[Round "6.6"]
[White "Stojanovic,Andj"]
[Black "Tojagic,D"]
[Result "1/2-1/2"]
[WhiteElo "2282"]
[BlackElo "2276"]

1.Nf3 d5 2.g3 Nf6 3.Bg2 c6 4.O-O Bg4 5.h3 Bxf3 6.Bxf3 Nbd7 7.d3 e6 8.Nd2 Bc5
9.Nb3 Be7 10.a4 O-O  1/2-1/2

[Event "Chicago Open 2013"]
[Site "Wheeling USA"]
[Date "2013.05.25"]
[Round "4.2"]
[White "Yermolinsky,A"]
[Black "Zherebukh,Y"]
[Result "0-1"]
[WhiteElo "2498"]
[BlackElo "2629"]

1.Nf3 d5 2.g3 c6 3.Bg2 Bf5 4.O-O e6 5.d3 h6 6.c4 Nf6 7.cxd5 exd5 8.Nd4 Bg6
9.e4 Bc5 10.Nb3 Bb6 11.e5 Nfd7 12.d4 O-O 13.Nc3 a5 14.Be3 a4 15.Nd2 Nxe5
16.Nxa4 Nd3 17.Nf3 Nd7 18.Nh4 Bh7 19.Bh3 Rxa4 20.Qxa4 Nxb2 21.Qb3 Nc4 22.Bf5 Bxf5
23.Nxf5 Qf6 24.Qd3 h5 25.a4 g6 26.Nh4 Re8 27.Ra2 Re4 28.Rc2 Nd6 29.Rd1 g5
30.Ng2 Nf5 31.Re2 Nxd4 32.Bxd4 Rxd4 33.Qb1 Rxa4 34.Ne3 Bxe3 35.Rxe3 b5 36.Rde1 Kg7
37.Qd1 g4 38.h3 Nc5 39.hxg4 hxg4 40.Re5 Ne6 41.Qc1 Ra2 42.R5e2 Rxe2 43.Rxe2 Ng5
44.Ra2 b4 45.Qe3 d4 46.Qe2 Nf3+ 47.Kf1 Qh6  0-1

[Event "Chicago Open 2013"]
[Site "Wheeling USA"]
[Date "2013.05.25"]
[Round "4.14"]
[White "Adithya,B"]
[Black "Gerzhoy,L"]
[Result "0-1"]
[WhiteElo "2295"]
[BlackElo "2469"]

1.Nf3 d5 2.g3 c6 3.Bg2 Bg4 4.O-O Nd7 5.d3 e5 6.e4 dxe4 7.dxe4 Ngf6 8.Nbd2 Be7
9.b3 O-O 10.Bb2 Qc7 11.Qe2 Rfe8 12.Nc4 Bf8 13.Ne3 Bh5 14.Nc4 Nc5 15.h3 Ncxe4
16.g4 Bg6 17.Bxe5 Qc8 18.Ne3 Nd5 19.Nxd5 cxd5 20.Qd1 h5 21.gxh5 Bxh5 22.Qxd5 Qf5
23.Rae1 Bxf3 24.Bxf3 Rxe5  0-1

[Event "Chicago Open 2013"]
[Site "Wheeling USA"]
[Date "2013.05.25"]
[Round "5.24"]
[White "Santarius,E"]
[Black "Wheeler,Cameron"]
[Result "1/2-1/2"]
[WhiteElo "2292"]
[BlackElo "2193"]

1.Nf3 d5 2.g3 Nf6 3.Bg2 c6 4.O-O Bf5 5.d3 h6 6.c4 e6 7.cxd5 exd5 8.Qc2 Be7
9.Be3 Nbd7 10.Nc3 O-O 11.Rab1 c5 12.Nh4 Be6 13.d4 Ng4 14.Nf5 Nxe3 15.fxe3 Nf6
16.Qb3 Qd7 17.g4 Rfe8 18.h3 Rac8 19.a4 a6 20.Rf4 c4 21.Nxe7+ Qxe7 22.Qa3 Rcd8
23.Qxe7 Rxe7 24.Kf2 Kf8 25.a5 Rc7 26.Ke1 Rd6 27.Kd2 Bd7 28.b3 cxb3 29.Rxb3 Bc6  1/2-1/2

[Event "Hungarian National Open 2013"]
[Site "Zalakaros HUN"]
[Date "2013.05.25"]
[Round "4"]
[White "Boros,De"]
[Black "Almasi,I"]
[Result "1-0"]
[WhiteElo "2498"]
[BlackElo "2389"]

1.Nf3 d5 2.g3 Nf6 3.Bg2 c5 4.O-O g6 5.d4 cxd4 6.Nxd4 Bg7 7.Nb3 O-O 8.Nc3 e6
9.a4 Bd7 10.Bf4 Bc6 11.Nb5 Bxb5 12.axb5 Nbd7 13.Na5 Nb6 14.Be5 Qe7 15.c4 Rfc8
16.b3 Ne8 17.Bxg7 Nxg7 18.cxd5 Nxd5 19.Bxd5 Rd8 20.e4 exd5 21.exd5 Qd7 22.Qe2 Qxd5
23.Rfd1 Qe6 24.Rxd8+ Rxd8 25.Qxe6 Nxe6 26.Nxb7 Rd5 27.Rxa7 Rxb5 28.Nd6 Rxb3
29.Nxf7 Rb8 30.Kg2 Rf8 31.Nh6+ Kh8 32.Re7 Ng7 33.Nf7+ Kg8 34.Ng5 Rf5 35.h4 h6
36.Nf3 g5 37.Re4 Kh7 38.Ra4 gxh4 39.Nxh4 Rf7 40.Ra6 Nf5 41.Ng6 Rb7 42.Ne5 Re7
43.Ng4 Kg7 44.Kf3 Rf7 45.Ne5 Rb7 46.Rg6+ Kh7 47.Rf6 Nd4+ 48.Ke4 Rb4 49.Kd3 Nb5
50.Rb6 Rd4+ 51.Ke3 Rd5 52.Rb7+ Kh8 53.Ng6+  1-0

[Event "Hungarian National Open 2013"]
[Site "Zalakaros HUN"]
[Date "2013.05.25"]
[Round "4"]
[White "Vukovic,Ivo"]
[Black "Jentsch,D"]
[Result "1-0"]
[WhiteElo "2170"]
[BlackElo "2173"]

1.Nf3 d5 2.g3 Nc6 3.Bg2 e5 4.d3 Nf6 5.O-O Bd6 6.Bg5 Be6 7.Nc3 h6 8.Bxf6 Qxf6
9.e4 d4 10.Nd5 Qg6 11.c3 Bg4 12.h3 Bxf3 13.Qxf3 O-O 14.Qf5 Qxf5 15.exf5 Ne7
16.Nxe7+ Bxe7 17.cxd4 exd4 18.Rfe1 Bf6 19.Bxb7 Rab8 20.Bd5 Rxb2 21.Rac1 Rc8
22.Rc5 Rb6 23.Rec1 Bd8 24.Bb3 c6 25.Kg2 Be7 26.Ra5 Rc7 27.Rd5 Rb4 28.Re5 Kf8
29.g4 Bd6 30.Ra5 Re7 31.h4  1-0

[Event "Hungarian National Open 2013"]
[Site "Zalakaros HUN"]
[Date "2013.05.25"]
[Round "4"]
[White "Erdos,B"]
[Black "Medvegyne Balogh,E"]
[Result "1-0"]
[WhiteElo "2225"]
[BlackElo "2052"]

1.Nf3 d5 2.g3 Nf6 3.Bg2 c6 4.c4 e6 5.O-O Be7 6.b3 O-O 7.Bb2 Nbd7 8.Qc2 Ne8
9.Nc3 f5 10.d3 Ndf6 11.Rad1 Rb8 12.Rfe1 b5 13.cxb5 cxb5 14.e4 Qc7 15.Rc1 dxe4
16.dxe4 Bb4 17.Qe2 Qb6 18.exf5 exf5 19.a3 Bd6 20.Ng5 f4 21.Nd5 Qd8 22.Qd3 fxg3
23.hxg3 Qd7 24.Bh3 Qb7 25.Bxc8 Rxc8 26.Rxc8 Qxc8 27.Nxf6+  1-0

[Event "40 Yrs Beer Sheva CC"]
[Site "Beer Sheva ISR"]
[Date "2013.05.26"]
[Round "1"]
[White "Roiz,M"]
[Black "Postny,E"]
[Result "0-1"]
[WhiteElo "2617"]
[BlackElo "2637"]

1.Nf3 d5 2.g3 c6 3.Bg2 Bg4 4.c4 e6 5.O-O Nd7 6.cxd5 cxd5 7.d3 Ngf6 8.h3 Bxf3
9.Bxf3 Bc5 10.d4 Bd6 11.Nc3 O-O 12.Qd3 h6 13.Bd2 a6 14.Rac1 Nb6 15.e4 dxe4
16.Nxe4 Nbd5 17.Qb3 Rb8 18.Nxd6 Qxd6 19.Rc4 Rfc8 20.Rfc1 Qd7 21.Rc5 b6 22.R5c4 a5
23.Qd3 Rxc4 24.Rxc4 Rc8 25.b3 Ne7 26.Kg2 Nf5 27.Rxc8+ Qxc8 28.Bf4 Qd7 29.Be3 Nd5
30.Bd2 Nde7 31.Bc3 Nd5 32.Ba1 Nh4+ 33.Kh2 Nb4 34.Qe4 Nxf3+ 35.Qxf3 Nxa2 36.Qa8+ Kh7
37.Qe4+ f5 38.Qe2 Nb4 39.Bc3 Nd5 40.Bd2 Nf6 41.Qa6 Nd5 42.Qe2 Qc6 43.Kg1 Nf6
44.Qd3 Qe4 45.Qc4 Nd5 46.h4 Qf3 47.Bc1 Nc3 48.Be3 Nd5 49.Bc1 Qd1+ 50.Kg2 b5
51.Qc6 Qe2 52.h5 Nf6 53.Be3 Ng4  0-1

[Event "ch-Africa Open 2013"]
[Site "Tunis TUN"]
[Date "2013.05.26"]
[Round "8.13"]
[White "Solomons,D"]
[Black "Oliveira,Luciano"]
[Result "0-1"]
[WhiteElo "2169"]
[BlackElo "2189"]

1.Nf3 d5 2.g3 Nc6 3.d4 Nf6 4.Bg2 Bf5 5.O-O e6 6.b3 Nb4 7.Na3 c5 8.c3 Nc6
9.Bb2 Rc8 10.Rc1 Qa5 11.dxc5 Bxc5 12.b4 Qb6 13.e3 Be7 14.Qe2 O-O 15.Nc2 Bg4
16.h3 Bh5 17.Ncd4 Nxd4 18.exd4 Ne4 19.g4 Bg6 20.Ne5 Nd6 21.Nd7 Qc6 22.Nxf8 Kxf8
23.Rfe1 Qc4 24.Bf1 Qc6 25.Ra1 Ne4 26.b5 Qc7 27.a4 Bh4  0-1